000 00274nam a22001217a 4500
008 181029b xxu||||| |||| 00| 0 eng d
041 _aeng
080 _a101
100 _a24
101 _aFIL
245 _aDevelopment in Judging Moral Issues
_cRest,J.R
942 _2udc
_cBK
999 _c51021
_d51021